Vuelo de la rosa verde (Record no. 179341)

MARC details
000 -LEADER
campo de control de longitud fija 01010nam a22002417i 4500
001 - NÚMERO DE CONTROL
campo de control 179341
003 - IDENTIFICADOR DE NÚMERO DE CONTROL
campo de control ES-MaACL
005 - FECHA Y HORA DE LA ÚLTIMA TRANSACCIÓN
campo de control 20230906220747.0
008 - DATOS DE LONGITUD FIJA--INFORMACIÓN GENERAL
campo de control de longitud fija 111107s1945 sp | |||| ||spa d
040 ## - FUENTE DE CATALOGACIÓN
Centro catalogador/agencia de origen SpMaBN
Lengua de catalogación spa
Centro/agencia transcriptor SpMaBN
Normas de descripción rdc
080 ## - NÚMERO DE LA CLASIFICACIÓN DECIMAL UNIVERSAL
Número de la Clasificación Decimal Universal 821.134.2-14"19"
100 1# - ENTRADA PRINCIPAL--NOMBRE DE PERSONA
Nombre de persona Mas y Ros, Ramón.
9 (RLIN) 148481
245 10 - MENCIÓN DEL TÍTULO
Título Vuelo de la rosa verde
Resto del título : (selección) /
Mención de responsabilidad, etc. Ramón Más y Ros.
260 ## - PUBLICACIÓN, DISTRIBUCIÓN, ETC.
Lugar de publicación, distribución, etc. Madrid :
Nombre del editor, distribuidor, etc. [Consejo Superior de Investigaciones Científicas],
Fecha de publicación, distribución, etc. 1945.
300 ## - DESCRIPCIÓN FÍSICA
Extensión 29 p. ;
Dimensiones 21 cm.
490 1# - MENCIÓN DE SERIE
Mención de serie Antología de la literatura contemporánea ;
Designación de volumen o secuencia 3
490 1# - MENCIÓN DE SERIE
Mención de serie Suplemento tercero de "Cuadernos de literatura contemporánea" del Consejo Superior de Investigaciones Científicas
594 ## - Nota al título y mención de responsabilidad
Nota al título y mención de responsabilidad Tít. tomado de la cub.
830 0# - PUNTO DE ACCESO ADICIONAL DE SERIE-TÍTULO UNIFORME
Título uniforme Antología de la literatura contemporánea ;
Designación de volumen o secuencia 3
9 (RLIN) 224445
830 0# - PUNTO DE ACCESO ADICIONAL DE SERIE-TÍTULO UNIFORME
Título uniforme Suplemento tercero de "Cuadernos de literatura contemporánea" del Consejo Superior de Investigaciones Científicas
9 (RLIN) 224449
852 ## - LOCALIZACIÓN
Ubicación ES-MaACL
Número de control de estantería E-3514
Holdings
Estatus retirado Estado de pérdida Estado de daño No para préstamo Biblioteca de origen Biblioteca actual Ubicación en estantería Fecha de adquisición Fuente de adquisición Total de préstamos Signatura topográfica completa Código de barras Visto por última vez Precio de reemplazo Tipo de ítem Koha
        Biblioteca del Ateneo de Madrid Biblioteca del Ateneo de Madrid Depósito 2 07/11/2011     E-3514 1188401 23/02/2023 23/02/2023 Libro impreso